Providing support at home for children and young people who have complex health needs (Record no. 152212)
[ view plain ]
| 000 -LEADER | |
|---|---|
| fixed length control field | 01896nam a22003494a 4500 |
| 082 04 - DEWEY DECIMAL CLASSIFICATION NUMBER | |
| Classification number | 618.92 |
| 100 1# - MAIN ENTRY--AUTHOR NAME | |
| Personal name | Hewitt-Taylor, Jaqui. |
| 245 10 - TITLE STATEMENT | |
| Title | Providing support at home for children and young people who have complex health needs |
| 260 ## - PUBLICATION, DISTRIBUTION, ETC. (IMPRINT) | |
| Place of publication | Chichester, England ; |
| -- | Hoboken, NJ : |
| Name of publisher | John Wiley & Sons, |
| Year of publication | c2008. |
| 300 ## - PHYSICAL DESCRIPTION | |
| Number of Pages | x, 203 p. |
| 505 0# - FORMATTED CONTENTS NOTE | |
| Formatted contents note | Children and young people who have complex and continuing health needs -- Putting the child or young person first -- The child or young person as a part of the family -- Working with parents -- Working in the family home -- Supporting young people -- Grief, loss and bereavement -- Choices and rights -- Ethical issues involved in supporting children, young people and their families -- Organisational issues -- Working with children, young people and their families. |
| 650 #0 - SUBJECT ADDED ENTRY--TOPICAL TERM | |
| Topical Term | Chronically ill children |
| Topical Term | Children with disabilities |
| Topical Term | Young adults with disabilities |
| 856 40 - ELECTRONIC LOCATION AND ACCESS | |
| Uniform Resource Identifier | http://site.ebrary.com/lib/rucke/Doc?id=10232941 |
No items available.
